Trustees of the Eyre Estate v Saphir and another. (Record no. 60950)

MARC details
000 -LEADER
fixed length control field 00994cam a2200193 4500
001 - CONTROL NUMBER
control field ABS61236
008 - FIXED-LENGTH DATA ELEMENTS--GENERAL INFORMATION
fixed length control field 000000n1999 000 0 eng u
035 ## - SYSTEM CONTROL NUMBER
System control number (Sirsi) u101840
245 ## - TITLE STATEMENT
Title Trustees of the Eyre Estate v Saphir and another.
260 ## - PUBLICATION, DISTRIBUTION, ETC.
Date of publication, distribution, etc. 1999
490 ## - SERIES STATEMENT
Series statement Estates Gazette
Volume/sequential designation [1999] 34 EG 71-80(10)
520 ## - SUMMARY, ETC.
Summary, etc. LT 25 February 1999. The tenants (S) of a cottage-style house served a notice of claim to acquire the freehold under the Leasehold Reform Act 1967, and the leasehold valuation tribunal determined the enfranchisement price at £459 000. The landlords (E) appealed the valuation, and S cross-appealed, contending that E were not entitled to a rehearing. Held, appeal allowed and the cross-appeal dismissed. The enfranchisement price was £519 000.
650 ## - SUBJECT ADDED ENTRY--TOPICAL TERM
Topical term or geographic name entry element RIGHT OF APPEAL
650 ## - SUBJECT ADDED ENTRY--TOPICAL TERM
Topical term or geographic name entry element YIELDS
650 ## - SUBJECT ADDED ENTRY--TOPICAL TERM
Topical term or geographic name entry element SETTLEMENTS
650 ## - SUBJECT ADDED ENTRY--TOPICAL TERM
Topical term or geographic name entry element TRUSTEES OF THE EYRE ESTATE V SAPHIR AND ANOTHER
690 ## - LOCAL SUBJECT ADDED ENTRY--TOPICAL TERM (OCLC, RLIN)
Topical term or geographic name as entry element LANDLORD AND TENANT-LEASEHOLD REFORM-CASE LAW
942 ## - ADDED ENTRY ELEMENTS (KOHA)
Suppress in OPAC 0
Holdings
Withdrawn status Lost status Source of classification or shelving scheme Damaged status Not for loan Home library Current library Shelving location Date acquired Total Checkouts Full call number Barcode Date last seen Copy number Price effective from Koha item type
    Dewey Decimal Classification     London London Journal article 11/11/1999   ABS61236 101840-1001 06/08/2019 1 06/08/2019 Journal article